| 000 | 00590nam a2200205Ia 4500 | ||
|---|---|---|---|
| 003 | GCL | ||
| 005 | 20240530104912.0 | ||
| 008 | 140319s9999 xx 000 0 ara d | ||
| 040 |
_aGCL / _cGCL |
||
| 082 | 0 | 4 |
_a726.1 _bى ق |
| 100 | 1 | _aيوسف شوقى | |
| 245 | 1 | 0 |
_aقبة الصخرة / _cيوسف شوقى |
| 260 |
_aمسقط : _bوزارة الاعلام ، _c1986 |
||
| 300 |
_aمتعدد : _bصور ؛ _c32 سم |
||
| 650 | 0 | 4 | _aالعمارة الاسلامية |
| 650 | 0 | 4 | _aالمساجد |
| 650 | 0 | 4 | _aالمسجد الاقصى |
| 650 | 0 | 4 | _aالقباب |
| 942 |
_2ddc _cBK |
||
| 999 |
_c51635 _d51635 |
||